MARC

LEADER 00000nam0a2200000 4500
001 332593
005 20231101030313.0
035 |a (RuTPU)RU\TPU\book\358539 
035 |a RU\TPU\book\143679 
090 |a 332593 
100 |a 20170525d1978 k y0rusy50 ca 
101 0 |a rus 
102 |a RU 
105 |a a z 001zy 
200 1 |a Заводская технология сборного железобетона  |e сборник трудов  |f Всесоюзный научно-исследовательский институт заводской технологии сборных железобетонных конструкций и изделий (ВНИИжелезобетон) ; под ред. Г. С. Иванова 
210 |a Москва  |c Стройиздат  |d 1978 
215 |a 241 с.  |c ил. 
225 1 |a Труды института  |v Вып. 23 
320 |a Библиография в конце статей 
606 1 |a Железобетонные изделия  |x Сборные  |x Производство  |x Математические исследования  |2 stltpush  |3 (RuTPU)RU\TPU\subj\35590 
610 1 |a трубы 
610 1 |a технико-экономический анализ 
610 1 |a опрессовочное давление 
610 1 |a потери 
610 1 |a тепловая обработка 
610 1 |a автоматизация 
610 1 |a добавки 
610 1 |a сваи 
610 1 |a керамзитобетонные конструкции 
610 1 |a керамзитобетоны 
610 1 |a пропитка 
675 |a 666.982  |v 3 
702 1 |a Иванов  |b Г. С.  |g Гурий Семенович  |4 340 
712 0 2 |a Всесоюзный научно-исследовательский институт заводской технологии сборных железобетонных конструкций и изделий (ВНИИжелезобетон)  |2 stltpush  |3 (RuTPU)RU\TPU\col\13992 
801 1 |a RU  |b 63413507  |c 20080305  |g PSBO 
801 2 |a RU  |b 63413507  |c 20170613  |g PSBO 
942 |c BK